Statystyki dla Rozpoznaj zagraniczną piosenkę po polsku #4

Kliknij tutaj aby rozwiązać quiz!

Ogólne statystyki

  • Ten quiz został rozwiązany 146 razy
  • Średni wynik to 6 z 16

Statystyki odpowiedzi

Tekst przetłumaczony na polskiArtystaTytuł utworu% Poprawnych
| Lady Gaga - Bad RomanceTytułBad Romance
82%
wiesz, że chcę cię I wiesz, że potrzebuję cię Chcę tego złego. Twój zły romans Chcę twojej miłości i chcę twojej zemsty. Ty i ja moglibyśmy napisać zły romans Chcę twojej miłości i całej zemsty twojego kochanka. Ty i ja moglibyśmy napisać zły romansArtystaLady Gaga
80%
| Wiz Khalifa - Black And Yellow ft. Snoop Dogg, Juicy J & T-PainTytułBlack And Yellow
67%
| Smash Mouth - All StarTytułAll Star
55%
Nie boję się. Aby zająć stanowisko Wszyscy Chodź, weź mnie za rękę, chodź. pójdziemy tą drogą razem, przez burzę bez względu na pogodę, zimno czy ciepło Po prostu daję ci znać, że nie jesteś sam. Witam, jeśli czujesz, że jesteś na tej samej drodze.ArtystaEminem
40%
Tak, wiesz co to jest (co to jest) Wszystko co robię, robię na dużą skalę Taaaaaa, krzyczy „to nic” To, co zrobiłem, to kaskaderskie Reppinuj moje miasto, kiedy mnie zobaczysz, wiesz wszystko Czarny i żółty Czarny i żółty Odkładam go z bata na diamenty, w których jestem Czarny i żółty Czarny i żółtyArtystaWiz Khalifa ft. Snoop Dogg, Juicy J & T-Pain
40%
| Phil Collins - Another Day In ParadiseTytułAnother Day In Paradise
35%
| Guns N’ Roses - Paradise CityTytułParadise City
33%
Zabierz mnie do rajskiego miasta Tam, gdzie trawa jest zielona, a dziewczyny są ładne Proszę, zabierz mnie do domu. Zabierz mnie do rajskiego miasta Tam, gdzie trawa jest zielona, a dziewczyny są ładne Zabierz mnie do domu, tak, tak.ArtystaGuns N’ Roses
32%
| Eminem - Not AfraidTytułNot Afraid
32%
Hej, jesteś gwiazdą, graj dalej, idź grać. Hej, jesteś gwiazdą rocka, dajesz czadu, dostajesz wypłatę. A wszystko, co się błyszczy, to złoto. Tylko spadające gwiazdy rozbijają formęArtystaSmash Mouth
29%
Oh, pomyśl dwa razy To tylko kolejny dzień dla ciebie i mnie w raju. Oh, pomyśl dwa razy Bo to kolejny dzień dla ciebie. Ty i ja w rajuArtystaPhil Collins
28%
| Backstreet Boys - I Want It That WayTytułI Want It That Way
27%
Powiedz mi, dlaczego To tylko ból serca. Powiedz mi, dlaczego To tylko pomyłka. Powiedz mi dlaczego, Nigdy nie chcę słyszeć, jak mówisz Chcę tego w ten sposóbArtystaBackstreet Boys
25%
| Usher - Yeah! ft. Lil Jon, LudacrisTytułYeah!
10%
Tak! Tak! Mały zszedł na dół i przyszedł po mnie. Tak! Tak! Tak się wplątałem, że zapomniałem, że powiedziała mi. Tak! Tak! Ona i moja dziewczyna, oni byli najlepszymi kumplami. Tak! Tak ! Następną rzeczą, którą wiedziałem, było to, że krzyczała na mnie. Tak, tak, tak, tak... Tak! Tak! Tak! Tak!ArtystaUsher ft. Lil Jon, Ludacris
8%

Rozkład punktacji

Percentyl według liczby udzielonych odpowiedzi

Procent ludzi z każdym wynikiem

Twoja historia wyników

Nie rozwiązałeś tego quizu